[Event "Ortega Memorial tt"]
[Site "Havana"]
[Date "2018.05.28"]
[Round "9.1"]
[White "Perez Grinan, Pedro Ernesto"]
[Black "Fernandez Alarcon, Oscar David"]
[Result "0-1"]
[WhiteElo "2071"]
[BlackElo "1969"]
[PlyCount "98"]
[EventDate "2018.05.21"]
[EventType "team-tourn"]
[EventRounds "10"]
[EventCountry "CUB"]
[SourceTitle "EXT 2021"]
[Source "ChessBase"]
[SourceDate "2020.10.23"]
[SourceVersion "1"]
[SourceVersionDate "2020.10.23"]
[SourceQuality "1"]

1. d4 Nf6 2. Nf3 e6 3. Bf4 c5 4. e3 b6 5. c3 Bb7 6. Be2 cxd4 7. exd4 Be7 8. 0-0 0-0 9. h3 d6 10. Re1 Nbd7 11. a4 a6 12. Nbd2 Re8 13. Qb3 e5 14. dxe5 dxe5 15. Bg3 Nc5 16. Qc2 e4 17. Nd4 Bd6 18. Bxd6 Qxd6 19. Nc4 Qc7 20. Ne3 Nfd7 21. b4 Ne6 22. Nxe6 Rxe6 23. Bg4 Rd6 24. Rad1 Ne5 25. Rxd6 Qxd6 26. Bf5 Nd3 27. Rd1 g6 28. Bg4 Qf6 29. f3 h5 30. fxe4 Bxe4 31. Rxd3 Bxd3 32. Qxd3 hxg4 33. Qe4 Rd8 34. hxg4 Rd2 35. Qf3 Qxf3 36. gxf3 Rd3 37. Kf2 Rxc3 38. Nd5 Rb3 39. g5 Kf8 40. Kg3 Ke8 41. Nc7+ Kd7 42. Nxa6 Ra3 43. b5 Rxa4 44. Nb8+ Kd6 45. Nc6 Rc4 46. f4 Rxc6 47. bxc6 Kxc6 48. f5 Kd5 49. Kf4 b5 0-1

[Event "Ortega Memorial tt"]
[Site "Havana"]
[Date "2018.05.23"]
[Round "3.1"]
[White "Hernandez Fernandez, Noel"]
[Black "Fernandez Alarcon, Oscar David"]
[Result "1/2-1/2"]
[WhiteElo "1945"]
[BlackElo "1969"]
[PlyCount "34"]
[EventDate "2018.05.21"]
[EventType "team-tourn"]
[EventRounds "10"]
[EventCountry "CUB"]
[SourceTitle "EXT 2021"]
[Source "ChessBase"]
[SourceDate "2020.10.23"]
[SourceVersion "1"]
[SourceVersionDate "2020.10.23"]
[SourceQuality "1"]

1. d4 Nf6 2. c4 e6 3. Nc3 d5 4. e3 Be7 5. Nf3 0-0 6. Bd3 dxc4 7. Bxc4 c5 8. 0-0 Nc6 9. dxc5 Bxc5 10. Qxd8 Rxd8 11. a3 a6 12. b4 Be7 13. Bb2 Bd7 14. Rfd1 Be8 15. Rxd8 Rxd8 16. Rd1 Rxd1+ 17. Nxd1 Kf8 1/2-1/2